| 000 | 00615cam a2200217 4500 | ||
|---|---|---|---|
| 001 | 3130272 | ||
| 005 | 20180813084749.0 | ||
| 008 | 701009s1969 nyua b 001 0 eng | ||
| 010 | _a 71075476 | ||
| 040 |
_aDLC _cDLC _dDLC |
||
| 041 | _aeng | ||
| 080 | _a616.15 LED | ||
| 082 | 0 | 0 | _a616.15 LED |
| 100 | _a10 | ||
| 101 | _aGJIN | ||
| 245 | 0 | 0 |
_aHemoglobinopathies in pregnancy, _cedited by Walter L. Freedman. Pelvic infections, edited by William J. Ledger. |
| 504 | _aIncludes bibliographies. | ||
| 740 | _aPelvic infections. | ||
| 906 |
_a7 _bcbc _corignew _d4 _encip _f19 _gy-gencatlg |
||
| 942 |
_2ddc _cBK |
||
| 999 |
_c47059 _d47059 |
||